[Event "World Blitz 2018"]
[Site "St Petersburg RUS"]
[Date "2018.12.29"]
[Round "10.3"]
[White "Artemiev,V"]
[Black "Mamedyarov,S"]
[Result "1-0"]
[WhiteElo "2709"]
[BlackElo "2817"]

1.c4 Nf6 2.g3 g6 3.Bg2 Bg7 4.Nc3 O-O 5.Nf3 b6 6.d4 Bb7 7.d5 e6 8.O-O Re8
9.e4 Na6 10.e5 Ng4 11.Bg5 Qc8 12.Re1 d6 13.exd6 cxd6 14.dxe6 fxe6 15.Qxd6 Qxc4
16.h3 Nf6 17.Rad1 Qc6 18.Qxc6 Bxc6 19.Nd4 Bxg2 20.Kxg2 Rad8 21.Nc6 Rxd1 22.Rxd1 Nd5
23.Nxd5 exd5 24.Rxd5 Bxb2 25.Rd7 Nb8 26.Ne7+ Kf7 27.Rxa7 Ke6 28.Rb7 Bd4 29.Bf4 Nd7
30.Nd5 Bc5 31.Nc7+  1-0

[Event "World Blitz 2018"]
[Site "St Petersburg RUS"]
[Date "2018.12.29"]
[Round "11.8"]
[White "Mamedyarov,S"]
[Black "Amin,B"]
[Result "1-0"]
[WhiteElo "2817"]
[BlackElo "2710"]

1.d4 Nf6 2.Nf3 e6 3.c4 Bb4+ 4.Bd2 c5 5.g3 Qb6 6.a3 Bxd2+ 7.Qxd2 Nc6 8.e3 d5
9.dxc5 Qxc5 10.b4 Qd6 11.Nc3 O-O 12.Bg2 a5 13.b5 Ne5 14.Nxe5 Qxe5 15.cxd5 Nxd5
16.Bxd5 exd5 17.O-O Bh3 18.Rfc1 Rad8 19.Ne2 Qe4 20.Nf4 Bg4 21.Qd4 Bf3 22.Nd3 Rfe8
23.Ne1 Be2 24.a4 Qf5 25.Rc2 Bc4 26.Rd2 Rc8 27.Qf4 Qh3 28.Nf3 Re4 29.Qxf7+ Kxf7
30.Ng5+ Kf6 31.Nxh3 g5 32.Rc1 Rd8 33.Rc3 Kf5 34.f3 Ree8 35.Nf2 h5 36.e4+ Kf6
37.Rd4 Ba2 38.Rc2 Bc4 39.Rcd2 Rd7 40.Rxc4 dxc4 41.Rxd7 Rc8 42.Rd2 c3 43.Rc2 Ke5
44.Nd1 Kd4 45.Rxc3 Rxc3 46.Nxc3  1-0

[Event "World Blitz 2018"]
[Site "St Petersburg RUS"]
[Date "2018.12.29"]
[Round "12.6"]
[White "Karjakin,Sergey"]
[Black "Mamedyarov,S"]
[Result "1/2-1/2"]
[WhiteElo "2753"]
[BlackElo "2817"]

1.e4 c6 2.d4 d5 3.exd5 cxd5 4.Nf3 Nc6 5.Bb5 e6 6.O-O Bd6 7.c4 Ne7 8.Nc3 O-O
9.c5 Bc7 10.a3 e5 11.Bxc6 Nxc6 12.dxe5 d4 13.Nb5 Bg4 14.Nbxd4 Nxe5 15.h3 Bh5
16.Qb3 Qd7 17.Bg5 Rfe8 18.Rfe1 a5 19.a4 Rac8 20.Qb5 Qd5 21.Bf4 f6 22.Bxe5 fxe5
23.c6 Qxb5 24.Nxb5 Bxf3 25.gxf3 bxc6 26.Nxc7 Rxc7 27.Rac1 c5 28.f4 e4 29.Rc4 Kf7
30.Rexe4 Rxe4 31.Rxe4 c4 32.Kg2 c3 33.bxc3 Rxc3 34.f3 Ra3 35.Kg3 Kf6 36.Rc4 Ra2
37.Rc6+ Kf7 38.Rc4 Kf6 39.f5 Kg5 40.h4+ Kxf5 41.Rc5+ Kf6 42.Rxa5 g6 43.Kf4 Rh2
44.Ra6+ Kg7 45.Kg3 Ra2 46.Ra7+ Kf6 47.Kf4 h6 48.Ra6+ Kf7 49.a5 Ra4+ 50.Ke5 Rxh4
51.Ra7+ Ke8 52.a6 Ra4 53.Ke6 Kd8 54.Rd7+ Kc8 55.a7 Ra6+ 56.Ke7 h5 57.Rd8+ Kb7
58.Rd7+ Ka8 59.Rd5 Ra3 60.Kf6 Rxf3+  1/2-1/2

[Event "World Blitz 2018"]
[Site "St Petersburg RUS"]
[Date "2018.12.30"]
[Round "14.8"]
[White "Tsydypov,Z"]
[Black "Mamedyarov,S"]
[Result "1-0"]
[WhiteElo "2529"]
[BlackElo "2817"]

1.d4 Nf6 2.c4 b6 3.Nc3 Bb7 4.a3 g6 5.Nf3 Bg7 6.Bg5 h6 7.Bh4 d6 8.e3 Nbd7
9.Be2 O-O 10.O-O g5 11.Bg3 Nh5 12.Nd2 Nxg3 13.hxg3 c5 14.Bf3 Bxf3 15.Nxf3 Rc8
16.Qd3 a6 17.Rfd1 cxd4 18.exd4 e6 19.Rac1 Qc7 20.b3 Rfd8 21.d5 b5 22.dxe6 fxe6
23.cxb5 axb5 24.Nxb5 Qxc1 25.Rxc1 Rxc1+ 26.Kh2 g4 27.Nfd4 Ne5 28.Qe3 Rd1
29.Qe2 Rd3 30.Nxe6 Re8 31.Nbc7 Rf8 32.Nxf8 Bxf8 33.Qe4 Rd2 34.Qf5  1-0

[Event "World Blitz 2018"]
[Site "St Petersburg RUS"]
[Date "2018.12.30"]
[Round "15.11"]
[White "Mamedyarov,S"]
[Black "Cheparinov,I"]
[Result "1-0"]
[WhiteElo "2817"]
[BlackElo "2709"]

1.d4 Nf6 2.Nf3 d5 3.c4 e6 4.Bg5 h6 5.Bxf6 Qxf6 6.Nc3 Bb4 7.e3 O-O 8.Be2 dxc4
9.O-O b6 10.Ne4 Qe7 11.Bxc4 Bb7 12.Qc2 Nd7 13.Rac1 Rac8 14.Rfd1 Rfd8 15.Bb5 c6
16.Bd3 Bd6 17.Qa4 a5 18.a3 c5 19.Nxd6 Qxd6 20.Bb5 Qe7 21.Bxd7 Qxd7 22.Qxd7 Rxd7
23.Ne5 Rdc7 24.f3 f6 25.Nd3 cxd4 26.exd4 Ba6 27.Rxc7 Rxc7 28.Rc1 Rxc1+ 29.Nxc1 g5
30.Na2 Kf7 31.Nc3 Bc4 32.Kf2 Ke7 33.Ke3 Kd6 34.f4 Bd5 35.g3 Bc6 36.h4 gxh4
37.gxh4 Ke7 38.Ne2 Kd6 39.Ng3 Be8 40.f5 Kd5 41.Ne4 Bf7 42.Nxf6+ Kd6 43.Ng4 exf5
44.Nxh6 Be6 45.Kf4 Kd5 46.Nxf5 Kc4 47.h5 Kb3 48.h6 Bg8 49.d5 Kxb2 50.d6  1-0

[Event "World Blitz 2018"]
[Site "St Petersburg RUS"]
[Date "2018.12.30"]
[Round "17.6"]
[White "Mamedyarov,S"]
[Black "Jakovenko,D"]
[Result "1/2-1/2"]
[WhiteElo "2817"]
[BlackElo "2735"]

1.d4 Nf6 2.c4 e6 3.Nf3 d5 4.Bg5 Be7 5.e3 h6 6.Bxf6 Bxf6 7.Qc2 O-O 8.Nc3 c5
9.dxc5 dxc4 10.Bxc4 Nd7 11.Rd1 Qa5 12.O-O Bxc3 13.bxc3 Qxc5 14.Rd4 Nf6 15.Bb3 b6
16.Rfd1 Bb7 17.Ne1 Rac8 18.c4 Qe7 19.f3 Rc7 20.Qd2 Ba6 21.f4 e5 22.fxe5 Qxe5
23.Nf3 Qe7 24.Qd3 Re8 25.e4 Ng4 26.h3 Ne5 27.Nxe5 Qxe5 28.Rd5  1/2-1/2

[Event "World Blitz 2018"]
[Site "St Petersburg RUS"]
[Date "2018.12.30"]
[Round "18.9"]
[White "Khusnutdinov,R"]
[Black "Mamedyarov,S"]
[Result "0-1"]
[WhiteElo "2470"]
[BlackElo "2817"]

1.Nc3 e5 2.Nf3 Nc6 3.d4 exd4 4.Nxd4 Nf6 5.Bg5 Bb4 6.Qd3 h6 7.Bh4 Ne5 8.Qg3 Ng6
9.Bxf6 Qxf6 10.O-O-O Qg5+ 11.Qxg5 hxg5 12.Nd5 Ba5 13.b4 Bb6 14.c4 c6 15.Nxb6 axb6
16.Kb2 d6 17.e3 Ke7 18.Be2 g4 19.a3 Ne5 20.f4 gxf3 21.gxf3 Rh4 22.Rhg1 Rxh2
23.Kb3 Be6 24.Nxe6 Rxe2 25.Nxg7 Rxe3+ 26.Kc2 Rxf3 27.Rgf1 Rxf1 28.Rxf1 Rxa3
29.Nf5+ Kd7 30.Rf4 c5 31.b5 Ra4 32.Ne3 Ke6 33.Kb3 Rb4+ 34.Kc3 Rb1 35.Nd5 Rc1+
36.Kb3 f5 37.Rh4 Ng4 38.Rh7 Ke5 39.Rxb7 Nf2 40.Nxb6 Ne4 41.Re7+ Kd4 42.Rf7 Rc3+
43.Ka4 Rf3 44.Rf8 f4 45.Rf7 Rf1 46.Nd5 f3 47.b6 f2 48.b7 Rb1 49.Nc7 Rxb7
50.Nb5+ Kxc4 51.Na3+ Kd3  0-1

[Event "World Blitz 2018"]
[Site "St Petersburg RUS"]
[Date "2018.12.30"]
[Round "19.1"]
[White "Mamedyarov,S"]
[Black "Carlsen,M"]
[Result "0-1"]
[WhiteElo "2817"]
[BlackElo "2835"]

1.d4 d5 2.c4 e6 3.Nf3 a6 4.e3 Nf6 5.Nc3 dxc4 6.Bxc4 b5 7.Be2 Bb7 8.O-O Nbd7
9.b3 c5 10.Bb2 Be7 11.Rc1 O-O 12.Qc2 Rc8 13.Qb1 Qb6 14.Rfd1 Rfd8 15.h3 h6
16.dxc5 Nxc5 17.Rxd8+ Rxd8 18.Rd1 b4 19.Rxd8+ Qxd8 20.Na4 Nxa4 21.bxa4 Qd5
22.Bxf6 gxf6 23.Qb3 a5 24.Qc2 Qc6 25.Qxc6 Bxc6 26.Bd1 f5 27.Nd4 Bd5 28.Bb3 Bb7
29.Bc4 Bc5 30.Kf1 Bxd4 31.exd4 Bc6 32.Bb3 f4 33.g3 fxg3 34.fxg3 Kf8 35.Kf2 Ke7
36.g4 f6 37.Ke3 Kd6 38.Kf4 Bd5 39.h4 Bxb3 40.axb3 Kd5 41.Ke3 e5 42.dxe5 Kxe5
43.Kf3 Kd4 44.Kf4 Kc3 45.Kf5 Kxb3 46.Kxf6 Kxa4 47.g5 hxg5 48.hxg5 b3 49.g6 b2
50.g7 b1=Q 51.g8=Q Qb2+ 52.Kf5 Qd4 53.Qa2+ Kb4 54.Qb1+ Kc5 55.Qc2+ Kd6 56.Qe4 Kc5
57.Qc2+ Qc4 58.Qf2+ Kc6 59.Ke5 Qc5+  0-1

[Event "World Blitz 2018"]
[Site "St Petersburg RUS"]
[Date "2018.12.30"]
[Round "20.9"]
[White "Mamedyarov,S"]
[Black "Adly,A"]
[Result "1-0"]
[WhiteElo "2817"]
[BlackElo "2626"]

1.d4 Nf6 2.c4 e6 3.Nf3 Bb4+ 4.Nc3 O-O 5.Qc2 Re8 6.Bg5 h6 7.Bh4 b6 8.e4 Be7
9.e5 Nh7 10.Bd3 Nf8 11.Bg3 Bb7 12.O-O-O d6 13.d5 exd5 14.cxd5 dxe5 15.Nxe5 Bd6
16.f4 Nbd7 17.Nc6 Bxc6 18.dxc6 Nc5 19.Bc4 Qf6 20.Kb1 Rad8 21.Nd5 Qg6 22.f5 Qg4
23.Nxc7 Bxc7 24.Bxc7 Rxd1+ 25.Rxd1 Rc8 26.h3 Qh4 27.Be5 Rxc6 28.g3 Qe7 29.Bd5 Rc8
30.Bd6 Qe8 31.f6 Nb7 32.fxg7 Ne6 33.Qe2 Nxd6 34.Bxe6 Rd8 35.Bg4 Qxe2 36.Bxe2 Kxg7
37.a4 Kf6 38.Bc4 Ke7 39.Bb3 Rg8 40.Rd3 Rg5 41.Rc3 Kd7 42.Rf3 f5 43.Ka2 Ne4
44.h4 Rxg3 45.Rxf5 Nc5 46.Bc4 Rg4 47.b3 Rxh4 48.Rf7+ Kd6 49.Rxa7 h5 50.Ka3 Rf4
51.Rh7 h4 52.Rh6+ Kc7 53.Kb4 Nb7 54.Kc3 Nd6 55.Bd5 Rg4 56.Rh7+ Kb8 57.b4 Rf4
58.Rd7 Rf6 59.Rd8+ Kc7 60.Rh8 Rf4 61.Rh6 Rg4 62.Rh7+ Kb8 63.Rh6 Kc7 64.Rh8 Rf4
65.Rh7+ Kb8 66.Rd7 Rf6 67.Kd4 Rf4+ 68.Ke5 Nf7+ 69.Rxf7 Rxb4 70.Kd6 b5 71.Rf8+  1-0

[Event "Bundesliga 2018-19"]
[Site "Berlin GER"]
[Date "2019.03.01"]
[Round "9.8"]
[White "Mamedyarov,S"]
[Black "Shankland,S"]
[Result "1-0"]
[WhiteElo "2817"]
[BlackElo "2724"]

1.d4 d5 2.c4 c6 3.Nc3 Nf6 4.e3 a6 5.Qc2 e6 6.Nf3 c5 7.cxd5 exd5 8.Be2 Nc6
9.O-O Be6 10.Ne5 Qc7 11.Nxc6 bxc6 12.e4 dxe4 13.Nxe4 Nxe4 14.Qxe4 Bd6 15.Bf3 O-O
16.Qxc6 Bxh2+ 17.Kh1 Qxc6 18.Bxc6 Rac8 19.Bb7 Rb8 20.Bxa6 Bd6 21.d5 Bxd5
22.Rd1 Rb6 23.Rxd5 Rxa6 24.Be3 Rc8 25.Rc1 Be7 26.a3 h6 27.Kg1 Rb8 28.Rc2 Rb3
29.Kf1 Rab6 30.Rd7 Re6 31.Rdd2 Reb6 32.Ke2 Rb7 33.Kd1 R3b5 34.Kc1 h5 35.Kb1 h4
36.Ka2 Kh7 37.Rd5 Bf6 38.Bc1 Be7 39.Bg5 Bxg5 40.Rxg5 Kh6 41.Rgxc5 Rb3 42.R5c3 R3b5
43.b4 g5 44.Rc6+ Kh5 45.Kb3 g4 46.R6c4 f5 47.a4 Rd5 48.b5 Kg5 49.Rc8 Rd3+
50.Kc4 Ra3 51.Kb4 Ra1 52.Rc1 Ra2 53.R8c2 Rxc2 54.Rxc2 h3 55.gxh3 gxh3 56.a5 Rh7
57.Rc1 h2 58.Rh1 Kf4 59.a6 Kf3 60.b6  1-0

[Event "Moscow FIDE Grand Prix"]
[Site "Moscow RUS"]
[Date "2019.05.17"]
[Round "1.1"]
[White "Wojtaszek,R"]
[Black "Mamedyarov,S"]
[Result "1-0"]
[WhiteElo "2724"]
[BlackElo "2781"]

1.d4 Nf6 2.c4 g6 3.Nc3 d5 4.Bf4 Bg7 5.e3 c5 6.dxc5 Qa5 7.Rc1 dxc4 8.Bxc4 O-O
9.Ne2 Qxc5 10.Qb3 Qa5 11.O-O Nbd7 12.Nb5 Ne4 13.Bc7 b6 14.Bxf7+ Rxf7 15.Qd5 Nec5
16.Qxa8 Qxb5 17.Nd4 Qa6 18.b4 Nd3 19.Rcd1 Nb2 20.Rb1 Bxd4 21.exd4 Nc4 22.Rbc1 b5
23.a4 Qb7 24.Qxb7 Bxb7 25.axb5 Na3 26.f4 Nxb5 27.Be5 Rf8 28.g3 Kf7 29.f5 g5
30.g4 a6 31.Kf2 Nf6 32.Rg1 Rh8 33.Ke2 h6 34.h3 Rd8 35.Rc4 Rg8 36.Re1 Nd5
37.Kf2 Rd8 38.Kg3 Ndc3 39.Kh2 Ne4 40.Re2 Nec3 41.Re3 Nd5 42.Re2 Rd7 43.Kg3 Nf6
44.h4 Rd8 45.hxg5 hxg5 46.Bxf6 exf6 47.Rh2 Kg7 48.Rd2 Rd7 49.Rc1 Bd5 50.Kf2 Kf7
51.Rc5 Ke7 52.Re2+ Kd6 53.Re8 Nxd4 54.Ra5 Bb7 55.Ra3 Kd5 56.Rc3 Bc6 57.Ke3 Nb3
58.Re6 Bb5 59.Rxb3 Kc4 60.Rb1 Kc3 61.Rxf6 Rd3+ 62.Ke4 Rd4+ 63.Ke5 Rxg4 64.Rb6 Bd3
65.Rc6+ Kd2 66.Rb2+ Ke3 67.f6  1-0

[Event "7th Norway Blitz 2019"]
[Site "Stavanger NOR"]
[Date "2019.06.03"]
[Round "1.2"]
[White "Caruana,F"]
[Black "Mamedyarov,S"]
[Result "0-1"]
[WhiteElo "2819"]
[BlackElo "2774"]

1.e4 c6 2.d4 d5 3.exd5 cxd5 4.Bd3 Nf6 5.c3 Nc6 6.h3 g6 7.Nf3 Bf5 8.Be2 Bg7
9.O-O O-O 10.Bf4 Ne4 11.Nbd2 Qd7 12.Re1 Rad8 13.Nf1 f6 14.Ne3 e5 15.Bh2 Bxh3
16.gxh3 Qxh3 17.Bf1 Qh5 18.Bg2 Kh8 19.Qe2 g5 20.Rad1 g4 21.Nd2 exd4 22.cxd4 f5
23.Nxe4 dxe4 24.d5 Ne5 25.Bxe5 Bxe5 26.d6 Qh2+ 27.Kf1 h5 28.Qb5 Bg7 29.Nxf5 g3
30.Rxe4 gxf2 31.Kxf2 a6 32.Qd5 Rxd6 33.Qxd6 Rxf5+ 34.Ke3 Qxg2 35.Kd3 Qxb2
36.Re2 Qc3+ 37.Ke4 Re5+ 38.Kf4 Rxe2  0-1

[Event "7th Norway Blitz 2019"]
[Site "Stavanger NOR"]
[Date "2019.06.03"]
[Round "3.4"]
[White "Aronian,L"]
[Black "Mamedyarov,S"]
[Result "1/2-1/2"]
[WhiteElo "2752"]
[BlackElo "2774"]

1.e4 c6 2.d4 d5 3.exd5 cxd5 4.Bd3 Nc6 5.c3 Nf6 6.Bf4 Bg4 7.Qb3 Qd7 8.Nd2 e6
9.Ngf3 Bd6 10.Bxd6 Qxd6 11.O-O O-O 12.Rfe1 Rab8 13.Ne5 Bh5 14.a4 Bg6 15.Bxg6 hxg6
16.Re3 Nd7 17.Nxd7 Qxd7 18.Nf3 f6 19.Rae1 Rfe8 20.h4 Qf7 21.g3 Na5 22.Qc2 Nc4
23.R3e2 b5 24.axb5 Rxb5 25.b3 Nd6 26.c4 Rbb8 27.cxd5 exd5 28.Rxe8+ Rxe8 29.Rxe8+ Qxe8
30.Qc5 Qe4 31.Qxd6 Qxf3 32.Qb8+ Kh7 33.Qxa7 Qxb3 34.Qc5 Qf3 35.Qc2 Qg4 36.Qd3 Kh6
37.Kg2 Kh7 38.f3 Qe6 39.g4 f5 40.g5 Qc8  1/2-1/2

[Event "7th Norway Blitz 2019"]
[Site "Stavanger NOR"]
[Date "2019.06.03"]
[Round "5.5"]
[White "Yu Yangyi"]
[Black "Mamedyarov,S"]
[Result "0-1"]
[WhiteElo "2738"]
[BlackElo "2774"]

1.e4 c6 2.d4 d5 3.e5 c5 4.dxc5 e6 5.Nf3 Bxc5 6.Bd3 Ne7 7.O-O Nbc6 8.Nbd2 Ng6
9.Nb3 Bb6 10.Re1 O-O 11.c3 f6 12.exf6 Qxf6 13.Be3 Bxe3 14.Rxe3 Nf4 15.Nbd4 e5
16.Nxc6 bxc6 17.Nxe5 Nxg2 18.Kxg2 Qxf2+ 19.Kh1 Qxe3 20.Qh5 Qh6 21.Qxh6 gxh6
22.Rg1+ Kh8 23.Nxc6 Bh3 24.Rg3 Bd7 25.Nd4 Rf2 26.Rg2 Raf8 27.Kg1 Rxg2+ 28.Kxg2 Kg7
29.Kg3 Rf6 30.h4 Be8 31.Bf5 Bg6 32.Bg4 Be4 33.Ne6+ Kf7 34.Nc5 Ke7 35.c4 Kd6
36.b4 Rg6 37.Kf4 Rf6+ 38.Ke3 a5 39.Nd7 Rg6 40.c5+ Kc7 41.Ne5 axb4 42.Nxg6 hxg6
43.Be6 Kc6 44.Kd4 g5 45.hxg5 hxg5 46.Bf7 g4 47.Be8+ Kc7 48.Ke3 g3 49.Ba4 d4+
50.Ke2 d3+ 51.Ke3 g2 52.Kf2 d2 53.c6 Bxc6 54.Bb3 Bd5  0-1

[Event "7th Norway Blitz 2019"]
[Site "Stavanger NOR"]
[Date "2019.06.03"]
[Round "6.1"]
[White "Mamedyarov,S"]
[Black "Carlsen,M"]
[Result "0-1"]
[WhiteElo "2774"]
[BlackElo "2875"]

1.d4 g6 2.Nf3 Bg7 3.c4 c5 4.d5 d6 5.e4 e6 6.Bd3 Ne7 7.Nc3 O-O 8.O-O exd5
9.cxd5 Bg4 10.h3 Bxf3 11.Qxf3 Nd7 12.Qe2 a6 13.a4 Re8 14.Qc2 Rc8 15.Be2 c4
16.a5 Rc5 17.Be3 Rxa5 18.Bxc4 Rxa1 19.Rxa1 Qc7 20.Be2 Nc8 21.Rc1 Ncb6 22.Qb3 Nc5
23.Qb4 h5 24.Nb1 Nbd7 25.Nd2 Qd8 26.Rc2 b5 27.Qa3 Kh7 28.Bf3 Ne5 29.Be2 Ned7
30.Bf3 Bh6 31.b4 Bxe3 32.Qxe3 Na4 33.Qa7 Ne5 34.Qxa6 Qg5 35.Qxb5 Ra8 36.Qb7 Qd8
37.Be2 Rb8 38.Qa7 Rxb4 39.f4 Nd7 40.Rc7 Nac5 41.Rc6 Rb2 42.Rxd6 Rxd2 43.Qxc5 Nxc5
44.Rxd8 Rxe2 45.e5 Nd3 46.Rd7 Kg8 47.Rd8+ Kg7 48.Rd7 Kf8 49.g3 h4 50.Rd8+ Ke7
51.d6+ Kxd8  0-1

[Event "7th Norway Blitz 2019"]
[Site "Stavanger NOR"]
[Date "2019.06.03"]
[Round "7.5"]
[White "So,W"]
[Black "Mamedyarov,S"]
[Result "0-1"]
[WhiteElo "2754"]
[BlackElo "2774"]

1.c4 Nf6 2.Nc3 b6 3.d4 Bb7 4.Qc2 d5 5.cxd5 Nxd5 6.Nf3 g6 7.e4 Nxc3 8.bxc3 Bg7
9.Bb5+ Nd7 10.O-O O-O 11.Rd1 c6 12.Be2 Qc7 13.Bg5 c5 14.Bxe7 Rfe8 15.d5 Rxe7
16.d6 Qd8 17.dxe7 Qxe7 18.Bc4 Nf6 19.Ng5 Rf8 20.Qb3 Nxe4 21.Nxf7 Nxf2 22.Re1 Qh4
23.Nd6+ Kh8 24.Nf7+ Rxf7 25.Bxf7 Nh3+ 26.gxh3 Qg5+ 27.Kf2 Qg2+ 28.Ke3 Bh6+
29.Kd3 Qd2+ 30.Kc4 Ba6+ 31.Qb5 Bxb5+ 32.Kxb5 Qd7+  0-1

[Event "7th Norway Blitz 2019"]
[Site "Stavanger NOR"]
[Date "2019.06.03"]
[Round "8.5"]
[White "Anand,V"]
[Black "Mamedyarov,S"]
[Result "1/2-1/2"]
[WhiteElo "2767"]
[BlackElo "2774"]

1.e4 c6 2.d4 d5 3.exd5 cxd5 4.Bd3 Nc6 5.c3 Nf6 6.Bf4 Bg4 7.Qb3 Qd7 8.Nd2 e6
9.Ngf3 Bd6 10.Bxd6 Qxd6 11.O-O O-O 12.Rfe1 Rab8 13.Ne5 Bh5 14.Qa4 Qc7 15.Nb3 Nd7
16.Nxd7 Qxd7 17.Bb5 Rfc8 18.Bxc6 Qxc6 19.Qxa7 Ra8 20.Qc5 Qd7 21.Qb4 Ra4 22.Qb6 Ra6
23.Qb4 Rc4 24.Nc5 Rxb4 25.Nxd7 Rxb2 26.a4 Rc6 27.Rec1 f6 28.a5 Bg6 29.Nc5 e5
30.h3 h5 31.a6 bxa6 32.Rxa6 Rxa6 33.Nxa6 exd4 34.cxd4 Rd2 35.Rc8+ Kh7 36.Rd8 Rxd4
37.Nc7 Rd1+ 38.Kh2 d4 39.Ne6 d3 40.Nf8+ Kh6 41.Nxg6 Kxg6 42.Kg3 d2 43.Kf3 h4
44.Rd7 Kf5 45.Rd5+ Ke6 46.Rd8 g5 47.Ke2 Rg1 48.Rxd2 Rxg2 49.Kf1 Rh2 50.Rd3 Rh1+
51.Kg2 Rc1 52.Ra3 Rc5 53.Ra6+ Kf7 54.Ra7+ Kg6 55.Ra6 Rc4 56.Rb6 Ra4 57.Rc6 Rb4
58.Ra6 Rd4 59.Rb6 Re4 60.Ra6 Rf4 61.Rb6 Ra4 62.Rc6 Ra5 63.Rb6 Kf5 64.Kf3 Rc5
65.Ra6 Rc3+ 66.Kg2 Rc5 67.Rb6 Ke5 68.Ra6 f5 69.Ra8 Rc6 70.Ra5+ Kf6 71.Rb5 Re6
72.Ra5 Kg6 73.Rb5 g4 74.Rb8 Kg5 75.Rg8+ Kf4 76.hxg4 fxg4 77.Rf8+ Kg5 78.Rg8+ Rg6
79.Ra8 Rf6 80.Rg8+ Kf4 81.Ra8 h3+ 82.Kg1 Rf5 83.Ra4+ Kg5 84.Rb4 Rc5 85.Rb8 Rc6
86.Rb5+ Kh4 87.Rb8 Rc5 88.Rh8+ Kg5 89.Ra8 Kf4 90.Ra4+ Kf5 91.Ra8 Rd5 92.Rb8 Ke4
93.Re8+ Re5 94.Ra8 Kf3 95.Rf8+ Ke4 96.Ra8  1/2-1/2

[Event "7th Norway Blitz 2019"]
[Site "Stavanger NOR"]
[Date "2019.06.03"]
[Round "9.5"]
[White "Mamedyarov,S"]
[Black "Grischuk,A"]
[Result "1-0"]
[WhiteElo "2774"]
[BlackElo "2775"]

1.d4 Nf6 2.c4 g6 3.Nf3 Bg7 4.g3 O-O 5.Bg2 d6 6.O-O Nbd7 7.Nc3 e5 8.e4 c6
9.Re1 exd4 10.Nxd4 Ng4 11.h3 Nge5 12.Bf1 Qa5 13.Nb3 Qb4 14.a3 Qb6 15.Be3 Nc5
16.Nxc5 dxc5 17.Kg2 Be6 18.Na4 Qc7 19.Nxc5 Bxc4 20.Qc2 Bxf1+ 21.Rxf1 b6 22.Na4 c5
23.Rfd1 Qb7 24.Rd5 f5 25.Rad1 Rae8 26.Bf4 Nf7 27.Rd7 Qa8 28.Nc3 fxe4 29.Nd5 Kh8
30.Nc7 Qc6 31.Nxe8 e3+ 32.f3 Ne5 33.Qe4 Qxe4 34.fxe4 Rxe8 35.Rxa7 Kg8 36.Bxe3 Nc4
37.Bc1 Bd4 38.b3 Nd6 39.Ra6 Nxe4 40.Rxb6 Nc3 41.Rd2 Re1 42.Rb8+ Kf7 43.Bb2 Ne4
44.Rc2 Ke6 45.Re8+ Kd7 46.Ra8 Ke6 47.h4 h5 48.b4 Rg1+ 49.Kh2 Rb1 50.Re8+ Kf5
51.Bxd4 cxd4 52.Re2 d3 53.R2xe4 g5 54.R4e5+ Kg4 55.Rxg5+ Kf3 56.Rf5+  1-0

[Event "GCT Rapid Paris 2019"]
[Site "Paris FRA"]
[Date "2019.07.28"]
[Round "6.4"]
[White "Mamedyarov,S"]
[Black "Giri,A"]
[Result "1-0"]
[WhiteElo "2765"]
[BlackElo "2779"]

1.d4 Nf6 2.Bg5 d5 3.Bxf6 gxf6 4.c4 e5 5.e3 exd4 6.exd4 Bb4+ 7.Nc3 O-O 8.Qf3 Re8+
9.Ne2 dxc4 10.O-O-O Kh8 11.Ng3 Bxc3 12.bxc3 Be6 13.d5 Bc8 14.Bxc4 Nd7 15.Qh5 Ne5
16.Rd4 Rg8 17.Bb3 Qf8 18.Re1 Rg6 19.Qe2 Qh6+ 20.f4 Qxh2 21.Nf1 Qh6 22.Nd2 Bg4
23.Qb5 Qh4 24.Rde4 a6 25.Qf1 Nd7 26.d6 Nc5 27.Re8+ Rg8 28.Rxa8 Rxa8 29.Re3 cxd6
30.Bxf7 Qh6 31.Bd5 Qf8 32.Qe1 Bf5 33.Qe2 Bg6 34.Nb3 Rb8 35.g4 Nxb3+ 36.axb3 b5
37.f5 Bf7 38.Bxf7 Qxf7 39.Kb2 d5 40.Re7 Qf8 41.g5 fxg5 42.Qe5+ Kg8 43.f6  1-0

[Event "chess.com Speed 2019"]
[Site "chess.com INT"]
[Date "2019.10.02"]
[Round "1.16"]
[White "So,W"]
[Black "Mamedyarov,S"]
[Result "1-0"]
[WhiteElo "2767"]
[BlackElo "2767"]

1.d4 Nf6 2.c4 g6 3.f3 d5 4.cxd5 Nxd5 5.e4 Nb6 6.Nc3 Bg7 7.Be3 O-O 8.Qd2 e5
9.d5 c6 10.h4 cxd5 11.exd5 N8d7 12.h5 Nf6 13.hxg6 fxg6 14.O-O-O Bd7 15.d6 Rc8
16.Kb1 e4 17.fxe4 Ng4 18.Bg5 Qe8 19.Nf3 Rf7 20.Bd3 Be6 21.e5 Nxe5 22.Nxe5 Bxe5
23.Rhe1 Bxc3 24.bxc3 Qd7 25.Ka1 Nc4 26.Qe2 Bg4 27.Qc2 Bxd1 28.Rxd1 Nxd6 29.Be4 Kh8
30.Be3 Qe7 31.Bd4+ Kg8 32.Bd5 Nf5 33.Bxa7 Kf8 34.Bxf7 Qxf7 35.g4 Ne7 36.Qe2 Kg8
37.Rd7 Re8 38.Rxb7 Nd5 39.Rxf7 Rxe2 40.Rf3 Re4 41.g5 Rg4 42.Bd4 Rxg5 43.a4 h5
44.a5  1-0

[Event "chess.com Speed 2019"]
[Site "chess.com INT"]
[Date "2019.10.02"]
[Round "1.28"]
[White "So,W"]
[Black "Mamedyarov,S"]
[Result "1/2-1/2"]
[WhiteElo "2767"]
[BlackElo "2767"]

1.d4 Nf6 2.Bg5 Ne4 3.Bf4 Nf6 4.c4 e6 5.Nc3 d5 6.e3 Bb4 7.Qc2 O-O 8.a3 Bxc3+
9.Qxc3 c5 10.dxc5 Ne4 11.Qc2 Nc6 12.O-O-O Qa5 13.Bd3 Nxc5 14.Bxh7+ Kh8 15.Nf3 dxc4
16.Ng5 e5 17.Bg3 f6 18.Bg8 Nd3+ 19.Rxd3 cxd3 20.Qxd3 e4 21.Qxe4 Bf5 22.Qh4+ Kxg8
23.Qc4+ Kh8 24.Qh4+ Kg8 25.Qc4+  1/2-1/2

[Event "chess.com Speed 2019"]
[Site "chess.com INT"]
[Date "2019.10.02"]
[Round "1.27"]
[White "Mamedyarov,S"]
[Black "So,W"]
[Result "1/2-1/2"]
[WhiteElo "2767"]
[BlackElo "2767"]

1.d4 Nf6 2.Nc3 d5 3.f3 c5 4.e4 cxd4 5.Qxd4 dxe4 6.Qxd8+ Kxd8 7.fxe4 Nc6 8.Nf3 e6
9.Bf4 Bb4 10.O-O-O+ Ke7 11.e5 Bxc3 12.bxc3 Nd5 13.Bd2 Bd7 14.c4 Nb6 15.Be2 Rac8
16.Rhf1 h6 17.Be3 Na4 18.Bd2 Rhd8 19.g4 Be8 20.g5 hxg5 21.Bxg5+ f6 22.Bd2 Bh5
23.Rg1 Bxf3 24.Bxf3 Nxe5 25.Rxg7+ Kf8 26.Bh6 Nxf3 27.Rg3+ Kf7 28.Rg7+ Ke8
29.Rg8+ Ke7 30.Rg7+ Ke8 31.Rg8+ Ke7 32.Rg7+ Ke8  1/2-1/2

[Event "chess.com Speed 2019"]
[Site "chess.com INT"]
[Date "2019.10.02"]
[Round "1.26"]
[White "So,W"]
[Black "Mamedyarov,S"]
[Result "1/2-1/2"]
[WhiteElo "2767"]
[BlackElo "2767"]

1.d4 Nf6 2.c4 g6 3.f3 c5 4.dxc5 Bg7 5.e4 O-O 6.Nc3 Na6 7.Be3 b6 8.cxb6 axb6
9.Nge2 e6 10.Qd2 d5 11.cxd5 exd5 12.Nxd5 Nxd5 13.exd5 Nc5 14.Nd4 Qxd5 15.Be2 Rd8
16.Rd1 Qxa2 17.O-O Ba6 18.Bxa6 Qxa6 19.Qc2 Qa4 20.Qxa4 Nxa4 21.Rd2 Rd5 22.b3 Nc5
23.b4 Re8 24.Bf2 Na6 25.b5 Nc7 26.Rfd1 Red8 27.Nb3 Rxd2 28.Rxd2 Rxd2 29.Nxd2 Nxb5  1/2-1/2

[Event "chess.com Speed 2019"]
[Site "chess.com INT"]
[Date "2019.10.02"]
[Round "1.30"]
[White "So,W"]
[Black "Mamedyarov,S"]
[Result "1-0"]
[WhiteElo "2767"]
[BlackElo "2767"]

1.d4 Nf6 2.c4 g6 3.f3 Bg7 4.e4 O-O 5.Nc3 b6 6.Be3 Bb7 7.Qd2 e6 8.Nge2 d6
9.h4 c5 10.d5 exd5 11.cxd5 Re8 12.Bh6 Nbd7 13.h5 Nxh5 14.O-O-O Ne5 15.Bxg7 Kxg7
16.g4 Nxf3 17.Qe3 Qg5 18.Qxg5 Nxg5 19.gxh5 Nxe4 20.Nxe4 Rxe4 21.Nc3 Re5 22.h6+ Kh8
23.Bg2 f5 24.Nb5 Rd8 25.Rhe1 a6 26.Nxd6  1-0

[Event "chess.com Speed 2019"]
[Site "chess.com INT"]
[Date "2019.10.02"]
[Round "1.13"]
[White "Mamedyarov,S"]
[Black "So,W"]
[Result "1/2-1/2"]
[WhiteElo "2767"]
[BlackElo "2767"]

1.a3 h6 2.e4 e5 3.Nf3 Nc6 4.Bc4 Nf6 5.Nc3 Nxe4 6.Nxe4 d5 7.Bd3 dxe4 8.Bxe4 Bd6
9.O-O O-O 10.Re1 Bg4 11.h3 Bh5 12.g4 f5 13.Bxc6 bxc6 14.gxh5 e4 15.d3 exf3
16.Qxf3 Qf6 17.c3 Rab8 18.d4 f4 19.b4 Rb5 20.Bd2 Rg5+ 21.Kh1 Qf5 22.Rg1 Rxh5
23.Rg4 Qd5 24.Qxd5+ cxd5 25.h4 g5 26.f3 Rxh4+ 27.Rxh4 gxh4 28.Rg1+ Kh7 29.Rg4 c6
30.Kg2 h5 31.Rxh4 Kg6 32.Rh1 a6 33.Re1 Kf5 34.Rh1 Rf6 35.a4 Kg6 36.Be1 Re6
37.Kf2 Re3 38.Bd2 Re8 39.Rg1+ Kf6 40.Kf1 Rb8 41.a5 Rh8 42.Be1 Kf7 43.Bh4 Rg8
44.Rh1 Kg6 45.Be1 Kh6 46.Bd2 Rg3 47.Kf2 Rg8 48.Re1 Kg5 49.Re6 Rg6 50.Re1 Kf5
51.Rh1 Rh6 52.Kf1 h4 53.Rh3 Be7 54.Be1 Bg5 55.Bf2 Re6 56.Rh1 Re7 57.Rh2 Re6
58.Rh1 Re7 59.Rh3 Re6 60.Rh2 Rh6 61.Kg2 Re6 62.Kf1 Rh6 63.Rh3 Re6  1/2-1/2

[Event "chess.com Speed 2019"]
[Site "chess.com INT"]
[Date "2019.10.02"]
[Round "1.5"]
[White "Mamedyarov,S"]
[Black "So,W"]
[Result "1-0"]
[WhiteElo "2767"]
[BlackElo "2767"]

1.d4 Nf6 2.c4 e6 3.Nf3 d5 4.Bg5 Be7 5.e3 h6 6.Bxf6 Bxf6 7.Qc2 O-O 8.h4 c5
9.g4 g6 10.g5 hxg5 11.hxg5 Bg7 12.Nc3 cxd4 13.exd4 Nc6 14.O-O-O Qa5 15.Qd2 dxc4
16.Bxc4 Rd8 17.Qe3 b5 18.Bb3 Ne7 19.Qf4 Nf5 20.d5 exd5 21.Nxd5 Be6 22.Kb1 Rac8
23.Ne5 Rc5 24.Ne7+ Kf8 25.N5c6 Rxd1+ 26.Rxd1 Qb6 27.Bxe6 fxe6 28.Nxg6+ Kf7
29.Nge5+ Ke8 30.Qh2  1-0

[Event "chess.com Speed 2019"]
[Site "chess.com INT"]
[Date "2019.10.02"]
[Round "1.14"]
[White "So,W"]
[Black "Mamedyarov,S"]
[Result "0-1"]
[WhiteElo "2767"]
[BlackElo "2767"]

1.Nf3 Nf6 2.c4 c5 3.Nc3 d5 4.cxd5 Nxd5 5.e3 Nxc3 6.dxc3 Qc7 7.e4 g6 8.h4 h6
9.Be3 Bg7 10.Bc4 Nd7 11.Qb3 O-O 12.O-O-O Nb6 13.Be2 Be6 14.Qc2 a5 15.e5 Nd5
16.Bd2 Rfd8 17.h5 Bf5 18.Qa4 Nb4 19.hxg6 Bxg6 20.e6 Qc6 21.exf7+ Kf8 22.b3 Qe4  0-1

[Event "chess.com Speed 2019"]
[Site "chess.com INT"]
[Date "2019.10.02"]
[Round "1.4"]
[White "So,W"]
[Black "Mamedyarov,S"]
[Result "1/2-1/2"]
[WhiteElo "2767"]
[BlackElo "2767"]

1.d4 Nf6 2.c4 g6 3.Nc3 d5 4.cxd5 Nxd5 5.e4 Nxc3 6.bxc3 Bg7 7.Be3 c5 8.Rc1 O-O
9.Qd2 Nd7 10.Nf3 Qc7 11.Bh6 e5 12.Bxg7 Kxg7 13.h4 h5 14.Bd3 Qd6 15.Bb5 exd4
16.cxd4 cxd4 17.Qxd4+ Qxd4 18.Nxd4 Nf6 19.e5 Ng4 20.O-O Rd8 21.Rfd1 Nxe5
22.Rc7 a6 23.Ba4 b5 24.Bb3 Nc4 25.Bxc4 bxc4 26.Rxc4 Rd5  1/2-1/2